|
|
|
|
| LEADER |
00000nab a2200000 a 4500 |
| 001 |
vtls000416053 |
| 003 |
SK-MaSNL |
| 005 |
20260304210833.0 |
| 008 |
160201c1989 xo 0 cze |
| 015 |
|
|
|a SNBRA19rr/mm-uuuuu
|
| 035 |
|
|
|a CL0416178
|
| 040 |
|
|
|a SNKBUCL
|b slo
|c SNKBUCL
|e AACR2
|
| 041 |
0 |
|
|a slo
|
| 044 |
|
|
|a xo
|c SK
|
| 080 |
|
|
|a 629.4.077:519.876.5
|2 1981
|
| 080 |
|
|
|a 519.876.5
|2 1981
|
| 100 |
1 |
|
|a Polách, Oldřich,
|d 1955-
|4 aut
|9 98885
|
| 245 |
1 |
0 |
|a Simulace brzdění kolejových vozidel na počítači
|c Oldřich Polách
|
| 300 |
|
|
|b Grafy 3.
|
| 650 |
0 |
7 |
|a vozidlá koľajové železničné
|2 snkbucl
|9 949792
|
| 650 |
0 |
7 |
|a brzdenie
|2 snkbucl
|9 283696
|
| 650 |
0 |
7 |
|a počítačová simulácia
|2 snkbucl
|9 1866
|
| 655 |
|
7 |
|a články zo zborníkov
|2 snkbucl
|9 166140
|
| 773 |
0 |
|
|t Súčasné problémy v koľajových vozidlách
|d Žilina : Dom techniky ČSVTS, 1989
|g S. 248-252
|
| 850 |
|
|
|a Slovenská národná knižnica v Martine
|a MTA001
|
| 852 |
|
|
|a SNK
|b KIS3GCP
|
| 958 |
|
|
|a RK
|
| 958 |
|
|
|a CZ
|
| 992 |
|
|
|a RZB
|
| 999 |
|
|
|c 3127645
|d 3129575
|